[Event "34th Chess Olympiad (women)"]
[Site "Istanbul"]
[Date "2000.11.01"]
[Round "5.22.3"]
[White "Lang, Heather"]
[Black "Gruenenwald, Evi"]
[WhiteElo "2064"]
[BlackElo "2038"]
[WhiteCountry "SCO"]
[BlackCountry "SUI"]
[Result "1/2-1/2"]

1. e4 c5 2. Nc3 d6 3. f4 Nc6 4. Nf3 g6 5. Bc4 Bg7 6. O-O e6 7. a3 Nge7 
8. d3 O-O 9. Qe1 Nd4 10. Nxd4 Bxd4+ 11. Kh1 Bg7 12. g4 d5 13. Ba2 f5 
14. gxf5 gxf5 15. Ne2 Rf6 16. Ng3 Rh6 17. Bd2 b5 18. exf5 Nxf5 19. Nxf5 exf5 
20. Bc3 c4 21. Rg1 Rg6 22. Bxg7 Kxg7 23. Qe5+ Qf6 24. Rae1 Bd7 25. d4 Re8 
26. Rxg6+ hxg6 27. Qxf6+ Kxf6 28. Rxe8 Bxe8 29. c3 g5 30. fxg5+ Kxg5 31. a4 b4 
32. cxb4 Bxa4 33. Bb1 Bd1 34. Kg2 Kf4 35. Kf2 Ba4 36. Ke2 Bd7 37. Bc2 Be6 
38. b3 cxb3 39. Bxb3 Ke4 40. h4 Kxd4 41. h5 Bg8 42. h6 Bh7 43. Kf3 Ke5 
44. Bc2 d4 45. Bd3 Bg6 
1/2-1/2

[Event "34th Chess Olympiad (women)"]
[Site "Istanbul"]
[Date "2000.11.01"]
[Round "5.23.1"]
[White "Sanchez Castillo, Sarai"]
[Black "Koskoska, Gabriela"]
[WhiteElo "2093"]
[BlackElo "2219"]
[WhiteCountry "VEN"]
[BlackCountry "FRM"]
[Result "1-0"]

1. e4 c6 2. d4 d5 3. Nd2 dxe4 4. Nxe4 Nf6 5. Ng3 Bg4 6. f3 Bh5 7. Nxh5 Qa5+ 
8. c3 Nxh5 9. Bc4 e6 10. Nh3 Be7 11. O-O Nd7 12. Qe2 O-O-O 13. f4 g6 14. f5 Bd6 
15. fxe6 fxe6 16. g4 Nhf6 17. Bg5 Nd5 18. Bxd8 Qxd8 19. Qxe6 Bc7 20. Rae1 Qh4 
21. g5 Nf4 22. Nxf4 Bxf4 23. Qe2 Qxg5+ 24. Qg2 Qh4 25. Be6 Kd8 26. Qh3 Qxh3 
27. Bxh3 g5 28. Bxd7 Kxd7 29. Re2 h5 30. h4 Rg8 31. hxg5 Rxg5+ 32. Kh1 Bg3 
33. Rf7+ Kd6 34. Rxb7 Ra5 35. b3 h4 36. c4 c5 37. d5 Be5 38. Rh7 
1-0

[Event "34th Chess Olympiad (women)"]
[Site "Istanbul"]
[Date "2000.11.01"]
[Round "5.23.2"]
[White "Sekulovska, Vesna"]
[Black "Martinez, Aleidi"]
[WhiteElo "2120"]
[BlackElo "2181"]
[WhiteCountry "FRM"]
[BlackCountry "VEN"]
[Result "1/2-1/2"]

1. d4 e6 2. c4 Nf6 3. Nc3 c5 4. d5 d6 5. e4 e5 6. f4 exf4 7. Bxf4 Nbd7 
8. Nf3 Be7 9. Bd3 O-O 10. O-O Ng4 11. a3 Nge5 12. Kh1 Bf6 13. Rb1 Qe7 
14. Qd2 Nxf3 15. gxf3 Kh8 16. Bg3 Ne5 17. f4 Nxc4 18. Bxc4 Bxc3 19. Qd3 Bd4 
20. e5 Bh3 21. Rfe1 Qd7 22. Qb3 dxe5 23. fxe5 Qf5 24. d6 Rae8 25. Qxb7 Bxe5 
26. d7 Rb8 27. Qc6 Bxg3 28. hxg3 Qxd7 29. Qxd7 Bxd7 30. Re5 Rbc8 31. Rf1 f5 
32. Re7 Bc6+ 33. Kg1 a5 34. b3 Rcd8 35. Rc7 Rf6 36. Re1 Rg6 37. Kf2 h6 
38. Re5 Be4 39. Rexc5 Rgd6 40. Rc8 Rd2+ 41. Ke3 a4 42. bxa4 Kh7 43. Rxd8 Rxd8 
44. a5 Rd1 45. g4 Kg6 46. gxf5+ Bxf5 47. a6 Re1+ 48. Kf2 Re7 49. Ra5 Be4 
50. a7 Ba8 51. a4 Kf6 52. Bf1 Ke6 53. Bg2 Rf7+ 54. Kg3 Rf8 55. Rb5 Bxg2 
56. Kxg2 Ra8 57. Rb7 g5 58. Kg3 h5 59. a5 Kf5 60. Rb5+ Kf6 61. Rb6+ Kf5 
1/2-1/2

[Event "34th Chess Olympiad (women)"]
[Site "Istanbul"]
[Date "2000.11.01"]
[Round "5.23.3"]
[White "Sanchez, Aliris"]
[Black "Kierzek, Mira"]
[WhiteElo "2000"]
[BlackElo "2028"]
[WhiteCountry "VEN"]
[BlackCountry "FRM"]
[Result "1-0"]

1. d4 e6 2. Nf3 b6 3. e3 Bb7 4. Bd3 Nf6 5. O-O Be7 6. c4 O-O 7. b3 d5 
8. Bb2 Nbd7 9. Nc3 dxc4 10. bxc4 c5 11. d5 exd5 12. cxd5 Nxd5 13. Nxd5 Bxd5 
14. Bxh7+ Kxh7 15. Qxd5 Nf6 16. Qf5+ g6 17. Ng5+ Kg8 18. Qh3 Nh5 19. g4 Bxg5 
20. gxh5 Bf6 21. Rfd1 Qe7 22. hxg6 fxg6 23. Rd7 Qxd7 24. Qxd7 Bxb2 25. Rd1 Bf6 
26. Qe6+ Rf7 27. Rd7 Rf8 28. Rxa7 Kg7 29. Qxb6 c4 30. Rxf7+ Rxf7 31. a4 c3 
32. a5 Rd7 33. Qc6 Rd2 34. a6 c2 35. Kg2 Rd6 36. Qc7+ Kh6 37. Qxd6 c1Q 
38. Qxf6 Qa3 39. Qh4+ Kg7 40. Qd4+ Kh6 41. a7 Qa5 42. Qh8+ 
1-0

[Event "34th Chess Olympiad (women)"]
[Site "Istanbul"]
[Date "2000.11.01"]
[Round "5.24.1"]
[White "Rantanen, Tanja"]
[Black "Geldyeva, Mexnri"]
[WhiteElo "2120"]
[BlackElo "2283"]
[WhiteCountry "FIN"]
[BlackCountry "TKM"]
[Result "0-1"]

1. e4 d6 2. d4 Nf6 3. Bd3 g6 4. Nf3 Bg7 5. O-O c6 6. c3 Qc7 7. Nbd2 O-O 
8. Re1 e5 9. dxe5 dxe5 10. Nc4 Nbd7 11. Qc2 b5 12. Ncd2 Nc5 13. Bf1 Nh5 
14. c4 b4 15. Nb3 Ne6 16. c5 a5 17. Nbd2 a4 18. b3 a3 19. Bc4 Nhf4 20. Nf1 Ra5 
21. Bd2 Qb8 22. Be3 Kh8 23. Bxe6 Nxe6 24. Ng5 Nc7 25. Rac1 h6 26. Nf3 Be6 
27. N1d2 Kh7 28. Nc4 Bxc4 29. Qxc4 Rb5 30. Red1 Ne6 31. Rd6 Qc7 32. Rcd1 Rd8 
33. Rxd8 Nxd8 34. Ne1 Ne6 35. Nd3 Qd7 36. Bd2 Nd4 37. Bxb4 Qg4 38. Qc1 Ne2+ 
0-1

[Event "34th Chess Olympiad (women)"]
[Site "Istanbul"]
[Date "2000.11.01"]
[Round "5.24.2"]
[White "Atbashieva, Guldjahan"]
[Black "Puuska, Heini"]
[WhiteElo "2243"]
[BlackElo "2023"]
[WhiteCountry "TKM"]
[BlackCountry "FIN"]
[Result "1-0"]

1. c4 b6 2. Nc3 Bb7 3. e4 e6 4. Nf3 Bb4 5. Qc2 Ne7 6. d4 f5 7. Bd3 fxe4 
8. Bxe4 Bxe4 9. Qxe4 Bxc3+ 10. bxc3 Na6 11. Bg5 O-O 12. O-O Qe8 13. Ne5 Rb8 
14. Rad1 Rf5 15. Bxe7 Qxe7 16. Rd3 c6 17. Rh3 g6 18. Qg4 Rbf8 19. Rg3 Qg7 
20. h4 Rf4 21. Qh3 Qe7 22. Rg4 Rxg4 23. Qxg4 Rf5 24. f4 Kg7 25. Rf2 Nc7 
26. g3 Ne8 27. Qd1 Qa3 28. Qb3 Qc1+ 29. Kg2 d6 30. Nxc6 Nf6 31. Qc2 Qa3 
32. Re2 Qa6 33. Qd3 Qa4 34. d5 exd5 35. Ne7 Rh5 36. Nxd5 Nxd5 37. cxd5 Qd7 
38. Qd4+ Kh6 39. Re6 Rf5 40. g4 Rf7 41. g5+ 
1-0

[Event "34th Chess Olympiad (women)"]
[Site "Istanbul"]
[Date "2000.11.01"]
[Round "5.24.3"]
[White "Ristoja, Aulikki"]
[Black "Ovezova, Maisa"]
[WhiteElo "2000"]
[BlackElo "2174"]
[WhiteCountry "FIN"]
[BlackCountry "TKM"]
[Result "1-0"]

1. d4 g6 2. e4 Bg7 3. c4 d6 4. Nc3 Nd7 5. Be3 Ngf6 6. f3 c5 7. d5 O-O 8. Qd2 b6 
9. Bh6 Ba6 10. h4 Nh5 11. Bxg7 Kxg7 12. b3 Ng3 13. Rh3 Nxf1 14. Kxf1 Nf6 
15. g4 h5 16. g5 Nd7 17. f4 f5 18. Rf3 fxe4 19. Nxe4 b5 20. Kg2 bxc4 
21. bxc4 Nb6 22. Rc1 Kh7 23. Qd3 Qd7 24. Ne2 Rf5 25. Qb3 Raf8 26. N4g3 R5f7 
27. Qd3 Qg4 28. a4 e6 29. a5 Nxd5 30. Rcf1 Nxf4+ 31. Nxf4 Rxf4 32. Rxf4 Rxf4 
33. Rxf4 Qxf4 34. Nxh5 Qg4+ 35. Ng3 d5 36. Qf1 Qd4 37. Qf7+ Qg7 38. Qxe6 Bxc4 
39. Qd6 Qb2+ 40. Kh3 d4 41. Qe7+ Kg8 42. Qd8+ Kg7 43. Qf6+ Kh7 44. h5 gxh5 
45. g6+ Kg8 46. g7 Bf7 47. Qh6 Be6+ 48. Qxe6+ Kxg7 49. Nxh5+ Kf8 50. Qf6+ Ke8 
51. Ng7+ Kd7 52. Qe6+ Kc7 53. Ne8+ Kd8 54. Nf6 Qb5 55. Qd6+ Kc8 56. a6 d3 
57. Qf8+ Kc7 58. Nd5+ Kd7 59. Qe7+ Kc6 60. Qe8+ Kxd5 61. Qxb5 Kd4 62. Qd7+ Kc3 
63. Qxa7 c4 64. Qg7+ Kc2 65. a7 d2 66. Qg6+ Kb2 67. Qd6 Kc2 68. a8Q d1Q 
69. Qa4+ 
1-0

[Event "34th Chess Olympiad (women)"]
[Site "Istanbul"]
[Date "2000.11.01"]
[Round "5.25.2"]
[White "Buervenich, Silvia"]
[Black "Hernandez, Penna Sabina"]
[WhiteElo "2201"]
[BlackElo "2141"]
[WhiteCountry "SWE"]
[BlackCountry "ARG"]
[Result "1/2-1/2"]

1. e4 d5 2. exd5 Qxd5 3. Nc3 Qa5 4. d4 Nf6 5. Nf3 Bf5 6. Bc4 e6 7. Bd2 c6 
8. Nd5 Qd8 9. Nxf6+ gxf6 10. O-O Nd7 11. Bf4 Nb6 12. Be2 Nd5 13. Bg3 Bd6 
14. c4 Nf4 15. Bxf4 Bxf4 16. Qa4 O-O 17. d5 c5 18. Nh4 Be4 19. Bf3 f5 
20. g3 Bg5 21. Bxe4 fxe4 22. Ng2 exd5 23. cxd5 Qxd5 24. Rad1 Qe5 25. Rd7 b5 
26. Qxb5 Rab8 27. Rb7 Rxb7 28. Qxb7 Rb8 29. Qxa7 Rxb2 30. h4 Bh6 31. Re1 Qd4 
32. Qa8+ Kg7 33. Qxe4 Qxf2+ 34. Kh2 c4 35. Qe5+ Qf6 36. Qc5 Qf2 37. Qe5+ Kg8 
38. Qe8+ Kg7 39. Qe5+ Kg8 40. Qe8+ Kg7 
1/2-1/2

[Event "34th Chess Olympiad (women)"]
[Site "Istanbul"]
[Date "2000.11.01"]
[Round "5.25.3"]
[White "Maggiolo, Elisa"]
[Black "Johansson, Victoria"]
[WhiteElo "2115"]
[BlackElo "2152"]
[WhiteCountry "ARG"]
[BlackCountry "SWE"]
[Result "0-1"]

1. e4 c5 2. c3 Nf6 3. e5 Nd5 4. d4 cxd4 5. Nf3 Nc6 6. Bc4 e6 7. O-O Be7 
8. cxd4 d6 9. Qe2 O-O 10. Nc3 Nxc3 11. bxc3 dxe5 12. dxe5 Qa5 13. Bd3 Rd8 
14. Qe4 g6 15. Bd2 Qd5 16. Qxd5 Rxd5 17. Be4 Rc5 18. Bxc6 Rxc6 19. Ng5 b6 
20. Ne4 Ba6 21. Rfe1 Kg7 22. Be3 Bd3 23. Bd4 Bxe4 24. Rxe4 Rac8 25. a4 Bc5 
26. a5 Bxd4 27. cxd4 Rc1+ 28. Re1 Rxe1+ 29. Rxe1 b5 30. Kf1 a6 31. Ke2 Rc2+ 
32. Ke3 Ra2 33. Re2 Rxa5 34. g4 Ra3+ 35. Ke4 b4 36. Rb2 a5 37. d5 exd5+ 
38. Kxd5 b3 39. f4 a4 40. f5 gxf5 41. gxf5 Ra2 42. f6+ Kf8 43. Rb1 Rd2+ 
44. Kc4 Ke8 45. Kb4 Rd4+ 46. Ka3 Kd7 47. Rc1 Ke6 48. Rc7 Rd7 49. Rc5 Rb7 
0-1

[Event "34th Chess Olympiad (women)"]
[Site "Istanbul"]
[Date "2000.11.01"]
[Round "5.26.1"]
[White "Cinak, Nilufer"]
[Black "Hernandez, Yadira"]
[WhiteElo "2057"]
[BlackElo "2207"]
[WhiteCountry "TURA"]
[BlackCountry "MEX"]
[Result "1/2-1/2"]

1. e4 c5 2. Nf3 e6 3. d3 Nc6 4. g3 d5 5. Nbd2 Bd6 6. Bg2 Nge7 7. O-O b6 
8. Re1 Bb7 9. Nh4 g5 10. exd5 gxh4 11. dxc6 Nxc6 12. Qh5 Qd7 13. Ne4 O-O-O 
14. Nxd6+ Qxd6 15. Bf4 Qd7 16. b4 Nxb4 17. Qe5 Nc6 18. Qf6 hxg3 19. hxg3 h5 
20. a4 Rhg8 21. Be4 h4 22. a5 hxg3 23. Bxg3 Nxa5 24. Rxa5 Bxe4 25. Qe5 Qd6 
26. Qxd6 Rxd6 27. Rxa7 Bb7 28. Kf1 Rd7 29. Rea1 Rg4 30. R7a4 Rxa4 31. Rxa4 Bf3 
32. Ke1 Kb7 33. Kd2 f5 34. Ke3 b5 35. Rh4 Bd1 36. Kd2 Bf3 37. Rh6 Bd5 
38. Be5 Kb6 39. Rh8 b4 40. Rb8+ Ka5 41. Rc8 c4 42. Rc7 c3+ 43. Kc1 Rxc7 
44. Bxc7+ Kb5 45. Be5 Bf3 46. Bd6 
1/2-1/2

[Event "34th Chess Olympiad (women)"]
[Site "Istanbul"]
[Date "2000.11.01"]
[Round "5.26.2"]
[White "Guerrero, Alejandra"]
[Black "Oney, Fatmanur"]
[WhiteElo "2171"]
[BlackElo "2038"]
[WhiteCountry "MEX"]
[BlackCountry "TURA"]
[Result "1-0"]

1. e4 c5 2. c3 d5 3. exd5 Qd7 4. d6 Qxd6 5. d3 Qd5 6. d4 Nc6 7. Nf3 Bg4 
8. Be2 cxd4 9. cxd4 e6 10. Nc3 Qd6 11. O-O Nf6 12. Nb5 Qb8 13. h3 Bh5 
14. Bg5 Be7 15. Bxf6 Bxf6 16. d5 a6 17. dxc6 axb5 18. Qd7+ Kf8 19. c7 Qc8 
20. Bxb5 Bxf3 21. gxf3 Be5 22. Rac1 g6 23. Rc5 Bxb2 24. Qd6+ Kg7 25. Bd7 
1-0

[Event "34th Chess Olympiad (women)"]
[Site "Istanbul"]
[Date "2000.11.01"]
[Round "5.26.3"]
[White "Cavusoglu, Yildiz"]
[Black "Garcia, Edith"]
[WhiteElo "2000"]
[BlackElo "2052"]
[WhiteCountry "TURA"]
[BlackCountry "MEX"]
[Result "1/2-1/2"]

1. d4 d5 2. c4 c6 3. cxd5 cxd5 4. Nc3 Nf6 5. Bf4 e6 6. e3 Bd6 7. Bxd6 Qxd6 
8. Nf3 Nc6 9. Be2 O-O 10. O-O Rd8 11. a3 Bd7 12. b4 Rac8 13. Qb3 Be8 
14. Rfc1 h6 15. Bb5 Kh8 16. Bxc6 Rxc6 17. Ne5 Rcc8 18. Rc2 Kg8 19. Rac1 Qb8 
20. a4 Nd7 21. Nxd7 Bxd7 22. Ne2 Rxc2 23. Rxc2 Rc8 24. Rc5 b6 25. Rc3 Rxc3 
26. Nxc3 Qc7 27. h3 f6 28. b5 Be8 29. Na2 Bg6 30. Qc3 Qxc3 31. Nxc3 Kf7 
32. Kf1 Bd3+ 33. Ke1 Ke7 34. g3 Bc4 35. Kd2 g5 36. Ne2 Bb3 37. Nc3 Bc4 
38. Ne2 Bb3 39. Nc3 Bc4 
1/2-1/2

[Event "34th Chess Olympiad (women)"]
[Site "Istanbul"]
[Date "2000.11.01"]
[Round "5.27.1"]
[White "Cast, Abigail"]
[Black "Caoili, Arianne"]
[WhiteElo "2114"]
[BlackElo "2113"]
[WhiteCountry "WLS"]
[BlackCountry "PHI"]
[Result "1/2-1/2"]

1. d4 d5 2. c4 c6 3. Nc3 e6 4. Nf3 Nf6 5. cxd5 exd5 6. Bg5 Be7 7. Qc2 O-O 
8. e3 Nbd7 9. Bd3 Re8 10. O-O Nf8 11. a3 Ne4 12. Bxe7 Qxe7 13. Ne5 f6 
14. Nf3 Ng6 15. b4 a6 16. Na4 f5 17. Rfe1 Rb8 18. Nc5 Ng5 19. Nd2 Nh4 
20. f4 Ne4 21. Nf3 Kh8 22. a4 Nd6 23. Ne5 g5 24. Qe2 Rg8 25. g3 Ng6 
26. Qf3 Nxe5 27. fxe5 Ne4 28. Ra2 Ra8 29. Bf1 a5 30. e6 Nxc5 31. bxc5 Bxe6 
32. Rb2 Rae8 33. Kh1 Bc8 34. Bd3 Rgf8 35. Ree2 Qf6 36. Qf1 Re7 37. Qe1 Rfe8 
38. Qxa5 Rxe3 39. Rxe3 Rxe3 40. Qc7 Re8 41. Re2 Rxe2 42. Qxc8+ Kg7 43. Bxe2 Qe7 
44. Qxf5 Qxe2 45. Qxg5+ Kf8 46. Qf5+ Kg7 47. Qg5+ Kf8 48. Qf4+ Kg7 49. h4 Qd1+ 
50. Kg2 Qxa4 51. Qc7+ Kh6 52. Qd6+ Kg7 53. Qc7+ Kh6 54. Qxb7 Qc2+ 55. Kh3 Qf5+ 
56. Kg2 Qe4+ 57. Kh2 Qc2+ 
1/2-1/2

[Event "34th Chess Olympiad (women)"]
[Site "Istanbul"]
[Date "2000.11.01"]
[Round "5.27.2"]
[White "Mendoza, Beverly"]
[Black "Powell, Annie"]
[WhiteElo "2098"]
[BlackElo "2000"]
[WhiteCountry "PHI"]
[BlackCountry "WLS"]
[Result "1/2-1/2"]

1. e4 c5 2. Nc3 Nc6 3. g3 g6 4. Bg2 Bg7 5. d3 d6 6. Be3 e6 7. Qd2 Rb8 
8. Nge2 Nd4 9. f4 Ne7 10. O-O O-O 11. Rab1 Nec6 12. Kh1 f5 13. Ng1 b5 
14. Nd1 b4 15. Nf2 Qb6 16. Nfh3 Qa6 17. c3 Nb5 18. e5 Bd7 19. Bf3 h6 
20. d4 cxd4 21. cxd4 d5 22. Be2 Qb6 23. Bxb5 Qxb5 24. b3 Rfc8 25. Nf2 a5 
26. Nd3 Bf8 27. Nb2 Na7 28. Rfc1 Qb7 29. Rxc8 Rxc8 30. Rc1 Nb5 31. Na4 Rc6 
32. Ne2 Qc7 33. Kg2 Rxc1 34. Qxc1 Qxc1 35. Bxc1 Bc6 36. Kf2 Kf7 37. Be3 Be7 
38. h4 Ke8 39. Bd2 Na7 40. Nb2 Bb5 41. Ng1 Bc6 42. Ne2 Bb5 43. Ng1 Nc8 
44. Ke3 Nb6 45. Nd3 Bxd3 46. Kxd3 Kd7 47. Nf3 Kc6 48. Kc2 Kb5 49. Ne1 Nd7 
50. Nd3 Nb6 51. Be3 Kc6 52. Bd2 Kb5 53. Be3 Kc6 54. Bf2 Bf8 55. Be1 Kb5 
56. Bd2 Be7 57. Kb1 Bf8 58. Nb2 Be7 59. Kc2 Bf8 60. Bc1 Be7 61. Nd3 Kc6 
62. Bd2 Kb5 63. Ne1 Nd7 64. Nf3 Nb6 65. Be1 Kc6 66. Bd2 Kb5 
1/2-1/2

[Event "34th Chess Olympiad (women)"]
[Site "Istanbul"]
[Date "2000.11.01"]
[Round "5.27.3"]
[White "Wilson, Julie"]
[Black "Espallardo, Christine"]
[WhiteElo "2000"]
[BlackElo "2000"]
[WhiteCountry "WLS"]
[BlackCountry "PHI"]
[Result "0-1"]

1. d4 Nf6 2. c4 g6 3. Nc3 Bg7 4. e4 d6 5. Bd3 O-O 6. Nge2 e5 7. d5 Nbd7 
8. O-O a6 9. b4 c6 10. Kh1 cxd5 11. cxd5 Nh5 12. Rb1 f5 13. exf5 gxf5 14. f4 e4 
15. Bc2 Ndf6 16. Qe1 Bd7 17. Be3 Rc8 18. Bd4 Rc4 19. Bb3 Rc8 20. Rc1 Qe8 
21. Qh4 Bb5 22. Rfe1 Bxe2 23. Rxe2 Qg6 24. Rec2 Qg4 25. Bxf6 Nxf6 26. Qf2 Nh5 
27. Ne2 Rxc2 28. Rxc2 Qg6 29. g3 Qf6 30. Qe1 Qe7 31. Qc1 e3 32. Rc4 Nf6 
33. Bc2 Nxd5 34. Bd3 b5 35. Rc8 Nxb4 36. Rxf8+ Qxf8 37. Bc4+ bxc4 38. Qxc4+ d5 
39. Qb3 Qc5 40. Qa4 Qb5 
0-1

[Event "34th Chess Olympiad (women)"]
[Site "Istanbul"]
[Date "2000.11.01"]
[Round "5.28.1"]
[White "Lim, Jean Nie"]
[Black "Zakiah, Al"]
[WhiteElo "2168"]
[BlackElo "2000"]
[WhiteCountry "MAS"]
[BlackCountry "INA"]
[Result "0-1"]

1. e4 c5 2. c3 d5 3. exd5 Qxd5 4. d4 Nc6 5. Nf3 cxd4 6. cxd4 Bg4 7. Nc3 Bxf3 
8. Nxd5 Bxd1 9. Nc7+ Kd7 10. Nxa8 Bh5 11. Bb5 e6 12. O-O Bd6 13. f4 Ne7 
14. Nb6+ axb6 15. h3 Bg6 16. Bd2 Be4 17. g4 g6 18. a4 Ra8 19. b4 f5 20. g5 Kd8 
21. Bxc6 Nxc6 22. a5 bxa5 23. b5 Nxd4 24. Bxa5+ Ke7 25. Rfd1 Nxb5 26. Bd2 Rxa1 
27. Rxa1 Nd4 28. Kf2 Nb3 29. Ra2 Nxd2 30. Rxd2 Bxf4 
0-1

[Event "34th Chess Olympiad (women)"]
[Site "Istanbul"]
[Date "2000.11.01"]
[Round "5.28.2"]
[White "Riayaningrum, Yeni"]
[Black "Lee, Samantha"]
[WhiteElo "2000"]
[BlackElo "2000"]
[WhiteCountry "INA"]
[BlackCountry "MAS"]
[Result "1/2-1/2"]

1. e4 c5 2. Nf3 d6 3. d4 cxd4 4. Nxd4 Nf6 5. Nc3 a6 6. Bc4 Qc7 7. Bb3 e6 
8. O-O Be7 9. Be3 O-O 10. Qf3 Nc6 11. Rad1 Nxd4 12. Bxd4 e5 13. Be3 Bg4 
14. Qg3 Bxd1 15. Rxd1 Rfe8 16. Bg5 Rac8 17. Bxf6 Bxf6 18. Rd3 Rf8 19. Rf3 Qd8 
20. Rf5 g6 21. Nd5 Bg7 22. Rf3 Rc5 23. h4 h5 24. Ne3 Kh7 25. Bxf7 Rxf7 
26. Rxf7 Rc7 27. Rf3 Bf6 28. Rxf6 Qxf6 29. Nd5 Qf7 30. Nxc7 Qxc7 31. Qd3 Qc6 
32. f3 Kg7 33. Kf1 Qc5 34. c3 Kf6 35. Qd5 Qxd5 36. exd5 Kf5 37. Kf2 e4 
38. a4 Ke5 39. c4 exf3 40. Kxf3 Kd4 41. b3 b6 42. g4 Ke5 43. gxh5 gxh5 
44. Ke3 Kf5 45. b4 Ke5 46. b5 a5 47. Kd3 Kf5 48. Kd4 Kg6 49. Ke4 Kf6 
50. Kf4 Kg6 
1/2-1/2

[Event "34th Chess Olympiad (women)"]
[Site "Istanbul"]
[Date "2000.11.01"]
[Round "5.28.3"]
[White "Ibrahim, Eliza"]
[Black "Lindiawati, Evi"]
[WhiteElo "2015"]
[BlackElo "2000"]
[WhiteCountry "MAS"]
[BlackCountry "INA"]
[Result "1/2-1/2"]

1. d4 Nf6 2. c4 e6 3. Nc3 Bb4 4. Bg5 h6 5. Bh4 g5 6. Bg3 Ne4 7. Qc2 f5 
8. Be5 Rg8 9. d5 Bxc3+ 10. Bxc3 g4 11. g3 d6 12. Bg2 Nxc3 13. Qxc3 e5 
14. e3 Nd7 15. Ne2 Qe7 16. O-O-O Nf6 17. Qc2 Bd7 18. Rhe1 e4 19. Qb3 b6 
20. Nd4 Kf7 21. Qc3 a5 22. Nb5 Bxb5 23. cxb5 Nd7 24. Bf1 Ne5 25. Be2 h5 
26. Kb1 Rac8 27. a4 Nd7 28. b3 Nc5 29. Bc4 Qf6 30. Qxf6+ Kxf6 31. Kc2 
1/2-1/2

[Event "34th Chess Olympiad (women)"]
[Site "Istanbul"]
[Date "2000.11.01"]
[Round "5.29.1"]
[White "Agosto, Erika"]
[Black "Leite, Catarina"]
[WhiteElo "2036"]
[BlackElo "2089"]
[WhiteCountry "ITA"]
[BlackCountry "POR"]
[Result "0-1"]

1. e4 e5 2. Nf3 Nc6 3. Bc4 Nf6 4. Nc3 Nxe4 5. Nxe4 d5 6. Bd3 dxe4 7. Bxe4 Bd6 
8. d4 Nxd4 9. Nxd4 exd4 10. Qxd4 O-O 11. Be3 a5 12. Rd1 Bb4+ 13. c3 Qxd4 
14. Rxd4 Bc5 15. Rd3 Bxe3 16. Rxe3 Be6 17. Bb1 Rfd8 18. b3 a4 19. c4 axb3 
20. axb3 Bf5 21. O-O Be6 22. Be4 c6 23. Rfe1 g6 24. f4 Rd2 25. R3e2 Rd4 
26. Re3 Ra2 27. h3 Rdd2 28. Bf3 Ra3 29. R1e2 Rd1+ 30. Kf2 Rb1 31. g4 Rbxb3 
32. Rxb3 Rxb3 33. Rc2 Rb4 34. Be2 Kf8 35. Kf3 h5 36. Kg3 hxg4 37. hxg4 Ke7 
38. c5 Bd5 39. g5 Rb3+ 40. Kf2 Rb4 41. Kg3 b5 42. Rd2 Rb3+ 43. Kf2 b4 
44. Rd4 Rb2 45. Ke3 b3 46. Bd1 Rg2 47. Rb4 Ke6 48. Be2 Rg3+ 49. Kd2 Kf5 
50. Bd3+ Kg4 51. Rd4 Rg1 52. Be2+ Kg3 53. Rb4 Ra1 54. Kc3 Rc1+ 
0-1

[Event "34th Chess Olympiad (women)"]
[Site "Istanbul"]
[Date "2000.11.01"]
[Round "5.29.2"]
[White "Carvalho, Alda"]
[Black "Sirletti, Sonia"]
[WhiteElo "2063"]
[BlackElo "2000"]
[WhiteCountry "POR"]
[BlackCountry "ITA"]
[Result "1-0"]

1. d4 g6 2. e4 d6 3. c3 Nf6 4. Bd3 Bg7 5. f4 O-O 6. Nf3 c5 7. d5 b5 8. Qe2 Qb6 
9. Nbd2 a6 10. a4 Nh5 11. Nf1 b4 12. c4 Bh6 13. g3 Bg7 14. h3 e6 15. g4 Nf6 
16. Ne3 Bb7 17. Ra2 a5 18. b3 Na6 19. Bb2 Rfe8 20. g5 Nh5 21. Bxg7 Nxg7 
22. Ng4 Nh5 23. Qb2 Kf8 24. Kd2 Qc7 25. Nf6 Nxf6 26. Qxf6 Qd8 27. Qh8+ Ke7 
28. Qxh7 Rg8 29. dxe6 Qf8 30. Qxf7+ Qxf7 31. exf7 Kxf7 32. Raa1 Rae8 
33. Rae1 Nb8 34. Rhf1 Rh8 35. h4 Nd7 36. Re3 Rhf8 37. Rfe1 Kg7 38. f5 Ne5 
39. Nxe5 dxe5 40. f6+ Kf7 41. Ke2 Rd8 42. Kf3 Rd4 43. Rh1 Rfd8 44. Bb1 Rd2 
45. Re2 R8d4 46. Rhh2 Rd1 47. Bc2 Rf1+ 48. Rhf2 Rh1 49. Kg3 Rg1+ 50. Rg2 Rf1 
51. Rd2 Re1 52. Rxd4 cxd4 53. Kf2 Rh1 54. Kg3 Re1 55. Rh2 Bxe4 56. Bxe4 Rxe4 
57. h5 gxh5 58. Rxh5 Kg6 59. Rh8 Rf4 60. Rg8+ Kf7 61. Rg7+ Kf8 62. Re7 Rf5 
63. Kg4 Rf4+ 64. Kh5 e4 65. Kg6 d3 66. Rd7 Ke8 67. Rd4 d2 68. Rxd2 e3 69. Re2 
1-0

[Event "34th Chess Olympiad (women)"]
[Site "Istanbul"]
[Date "2000.11.01"]
[Round "5.29.3"]
[White "Arnetta, Maria"]
[Black "Coimbra, Margarida"]
[WhiteElo "2000"]
[BlackElo "2043"]
[WhiteCountry "ITA"]
[BlackCountry "POR"]
[Result "1/2-1/2"]

1. e4 e5 2. Nf3 Nc6 3. Bc4 Bc5 4. c3 Nf6 5. d4 exd4 6. cxd4 Bb4+ 7. Nc3 Nxe4 
8. O-O Bxc3 9. d5 Bf6 10. Re1 Ne7 11. Rxe4 d6 12. Bg5 Bxg5 13. Nxg5 h6 
14. Qe2 hxg5 15. Re1 Be6 16. dxe6 f6 17. Re3 c6 18. Rh3 Rxh3 19. gxh3 g6 
20. Qf3 Qa5 21. Rd1 Qf5 22. Qb3 O-O-O 23. Bf1 Nd5 24. Bg2 Qxe6 25. Bxd5 cxd5 
26. Rxd5 Re8 27. Qd3 Qe1+ 28. Kg2 Re2 29. Qd4 Re6 30. Rxd6 Rxd6 31. Qxd6 Qe4+ 
32. Kg1 Qb1+ 33. Kg2 Qxb2 34. Qc5+ Kd7 35. Qxa7 
1/2-1/2

[Event "34th Chess Olympiad (women)"]
[Site "Istanbul"]
[Date "2000.11.01"]
[Round "5.30.1"]
[White "Hamid, Rani"]
[Black "Licina, Anita"]
[WhiteElo "2106"]
[BlackElo "2200"]
[WhiteCountry "BAN"]
[BlackCountry "SLO"]
[Result "1/2-1/2"]

1. e4 c5 2. Nf3 Nc6 3. d4 cxd4 4. Nxd4 Nf6 5. Nc3 d6 6. Be2 e5 7. Nb3 Be7 
8. Be3 O-O 9. O-O Be6 10. f4 exf4 11. Rxf4 d5 12. exd5 Nxd5 13. Nxd5 Bxd5 
14. Bf3 Bxf3 15. Qxf3 
1/2-1/2

[Event "34th Chess Olympiad (women)"]
[Site "Istanbul"]
[Date "2000.11.01"]
[Round "5.30.2"]
[White "Mihevc Mohr, Narcisa"]
[Black "Sultana, Zakia"]
[WhiteElo "2170"]
[BlackElo "2044"]
[WhiteCountry "SLO"]
[BlackCountry "BAN"]
[Result "1-0"]

1. e4 e6 2. d4 d5 3. Nd2 dxe4 4. Nxe4 Nd7 5. Nf3 Ngf6 6. Nxf6+ Nxf6 7. Bd3 Be7 
8. O-O O-O 9. c3 b6 10. Bg5 Bb7 11. Re1 h6 12. Bh4 Rc8 13. Bc2 Re8 14. Qd3 Bxf3 
15. Qxf3 Qd5 16. Qh3 Qh5 17. Bd1 Qf5 18. Qxf5 exf5 19. f3 Kf8 20. Ba4 c6 
21. Re2 Nd5 22. Bxe7+ Rxe7 23. Rae1 Rxe2 24. Rxe2 g6 25. c4 Nf6 26. Kf2 a6 
27. a3 b5 28. cxb5 cxb5 29. Bb3 Rd8 30. Ke3 Re8+ 31. Kd3 Rxe2 32. Kxe2 Ne8 
33. Kd3 Nd6 34. Kc3 a5 35. Bd5 Ke7 36. Bc6 Ke6 37. b4 a4 38. f4 g5 39. g3 Ke7 
40. d5 Kd8 41. Kd4 Kc7 42. Kc5 f6 43. Bxb5 h5 44. Bxa4 h4 45. gxh4 gxh4 
46. Bc2 Nb7+ 47. Kd4 Nd6 48. a4 Kb6 49. Bd3 
1-0

[Event "34th Chess Olympiad (women)"]
[Site "Istanbul"]
[Date "2000.11.01"]
[Round "5.30.3"]
[White "Khan, Nazrana"]
[Black "Krivec, Jana"]
[WhiteElo "2000"]
[BlackElo "2199"]
[WhiteCountry "BAN"]
[BlackCountry "SLO"]
[Result "0-1"]

1. d4 Nf6 2. c4 g6 3. Nc3 Bg7 4. Nf3 d6 5. Qc2 c5 6. dxc5 dxc5 7. e4 Nc6 
8. Be2 Bg4 9. O-O Bxf3 10. Bxf3 Nd4 11. Qa4+ Nd7 12. Bg4 e6 13. Be3 O-O 
14. Qd1 Ne5 15. b3 Qh4 16. h3 Nxg4 17. hxg4 Rfd8 18. Rc1 Nb5 19. Nd5 exd5 
20. cxb5 dxe4 21. Qe2 b6 22. Rc4 Re8 23. Bc1 Bd4 24. b4 e3 25. f4 Qf2+ 
26. Rxf2 exf2+ 27. Kf1 Rxe2 28. Kxe2 Re8+ 
0-1

[Event "34th Chess Olympiad (women)"]
[Site "Istanbul"]
[Date "2000.11.01"]
[Round "5.31.1"]
[White "Charest, Johanne"]
[Black "Sultan, Hoda"]
[WhiteElo "2136"]
[BlackElo "2000"]
[WhiteCountry "CAN"]
[BlackCountry "UAE"]
[Result "1-0"]

1. e4 e5 2. Nf3 Nc6 3. Bc4 Nf6 4. d4 exd4 5. O-O Bc5 6. e5 d5 7. exf6 dxc4 
8. Re1+ Kf8 9. fxg7+ Kxg7 10. Ne5 Qf6 11. Qh5 d3 12. Bh6+ Kg8 13. Nxd3 Be7 
14. Nf4 Be6 15. Re3 
1-0

[Event "34th Chess Olympiad (women)"]
[Site "Istanbul"]
[Date "2000.11.01"]
[Round "5.31.2"]
[White "Hussain, Noora"]
[Black "Belc, Daniela"]
[WhiteElo "2000"]
[BlackElo "2073"]
[WhiteCountry "UAE"]
[BlackCountry "CAN"]
[Result "0-1"]

1. e4 c5 2. c3 Qa5 3. Nf3 Nc6 4. Be2 Nf6 5. Qc2 d5 6. d3 Bg4 7. O-O e6 
8. Nbd2 Bd6 9. Nb3 Qc7 10. h3 Bh5 11. Be3 b6 12. Rfe1 O-O 13. Nbd2 Bg6 
14. Rac1 Rac8 15. Nh4 d4 16. cxd4 cxd4 17. Bg5 Bf4 18. Bxf4 Qxf4 19. Nxg6 hxg6 
20. Nf3 Qd6 21. Qa4 e5 22. Nd2 Nd7 23. Nc4 Qe7 24. Qb5 Qe6 25. Rc2 a6 
26. Qb3 Na5 27. Qa3 Nxc4 28. dxc4 a5 29. Rd1 Nc5 30. f3 Rfd8 31. Rcd2 Rd6 
32. b4 axb4 33. Qxb4 Rcd8 34. Qa3 f5 35. Bd3 Rc6 36. Rc1 Rdc8 37. Rdc2 Qf6 
38. Re1 Qd8 39. exf5 Ra8 
0-1